000 00695nam a22002297a 4500
003 BUBTL
008 240330b ||||| |||| 00| 0 eng d
020 _a9788120334267
041 _aeng
082 _a332.6/ M2779i/ 2022
100 _95797
_aMaheshwari, Yogesh
245 _aInvestment Management/
_cYogesh Maheshwari
250 _a1st ed.
260 _aDelhi:
_bPHI Learning Private Limited,
_cc2022
300 _axiv, 317 p.:
_c24 cm.
500 _aIncludes Index
505 _aInvestment Management, Investment Basics, Investment Instruments, Capital Market
650 0 _918
_aFinance
856 _k0
_l0
_yDownload
942 _2ddc
_cBK
999 _c7298
_d7298